[Event "45th Olympiad 2024"]
[Site "Budapest HUN"]
[Date "2024.09.13"]
[Round "3.39"]
[Board "2"]
[White "Volodin, Aleksandr"]
[Black "Giron Chavez, David Emanuel"]
[Result "1/2-1/2"]
[WhiteElo "2457"]
[BlackElo "2065"]
[PlyCount "114"]
[EventDate "2024.09.11"]
[WhiteTeam "Estonia"]
[BlackTeam "Guatemala"]
[WhiteTeamCountry "EST"]
[BlackTeamCountry "GUA"]

1. d4 Nf6 2. c4 e6 3. Nf3 Bb4+ 4. Bd2 Qe7 5. g3 Nc6 6. Bg2 Bxd2+ 7. Nbxd2 d6 8. O-O O-O 9. Nb1 ({RR} 9. e3 e5 10. Qc2 Re8 11. d5 Nb8 12. e4 a5 13. Ne1 Na6 14. Nd3 Nd7 15. Rae1 Ndc5 16. Nxc5 Nxc5 17. f4 Bd7 18. Qc3 b5 19. b3 b4 20. Qe3 a4 21. f5 f6 22. g4 axb3 23. axb3 Ra2 {0-1 Vachier Lagrave,M (2727)-Praggnanandhaa,R (2727) Tata Steel IND Blitz Open 2023 (2.2)}) ({RR} 9. e4 e5 10. dxe5 dxe5 11. Qc2 a5 12. c5 h6 13. Rfd1 Bg4 14. Re1 Bxf3 15. Nxf3 Rfd8 16. Rad1 Nb4 17. Qc4 Nc6 18. a3 Qe6 19. Qc2 Rd7 20. Rxd7 Nxd7 21. Bf1 Qe7 22. Rc1 Nf6 23. Bb5 Nd4 {0-1 Foisor,S (2206)-Vifleemskaia,S (1903) Swiss Queens Wed #4 2024 (7.151)}) 9... d5 $146 ({RR} 9... e5 10. Nc3 Bg4 11. dxe5 dxe5 12. Nd5 Nxd5 13. cxd5 Rfd8 14. Qb3 Bxf3 15. Qxf3 Nd4 16. Qd3 c6 17. e3 Ne6 18. Qc3 cxd5 19. Qxe5 Qd6 20. Qxd6 Rxd6 21. Rfd1 Rad8 22. Kf1 Kf8 23. Rd2 Ke7 24. Rad1 {½-½ Meyer,M (2223)-Schlingensiepen,C (2298) Oberliga Nord W 0203 2002 (5.4)}) ({RR} 9... e5 10. Nc3 e4 11. Nd2 e3 12. Nde4 Nxe4 13. Nxe4 Bg4 14. f4 Qd7 15. d5 Ne7 16. Qd3 Rae8 17. Qxe3 b5 18. Qd3 bxc4 19. Qxc4 Rb8 20. b3 Rfe8 21. Nf2 Bh5 22. e4 f5 23. e5 Qb5 24. Rfe1 {1-0 Paulsen,D (2292)-Becker,W (2208) Berlin op 1996}) 10. Nbd2 Rd8 11. e3 e5 12. cxd5 Nxd5 13. e4 Nf6 14. d5 Nb8 15. Nc4 Bg4 16. Qb3 Bxf3 17. Bxf3 b6 18. Qc3 Nbd7 19. b4 Rac8 20. Ne3 g6 21. Rac1 Nb8 22. Ng4 Nfd7 23. Rfd1 h5 24. Ne3 c6 25. d6 Qf6 26. Bg2 Qe6 27. f4 b5 28. f5 Qf6 29. Qa3 a6 30. Rd2 g5 31. Bf1 Nb6 32. Be2 g4 33. Rcd1 Rd7 34. h3 Rcd8 35. hxg4 h4 36. gxh4 Qxh4 37. Ng2 Qh6 38. Qg3 Rxd6 39. g5 Qf8 40. Rxd6 Rxd6 41. Qxe5 Rxd1+ 42. Bxd1 N8d7 43. Qc3 c5 44. g6 fxg6 45. Qg3 cxb4 46. Bb3+ Nc4 47. Qxg6+ Qg7 48. Qe6+ Kf8 49. f6 Nxf6 50. Qxa6 Nd7 51. Qxb5 Qd4+ 52. Kh2 Qh8+ 53. Kg3 Qg7+ 54. Kh3 Qh6+ 55. Kg3 Qg7+ 56. Kf2 Qd4+ 57. Kg3 Qg7+ 1/2-1/2

[Event "45th Olympiad 2024"]
[Site "Budapest HUN"]
[Date "2024.09.13"]
[Round "3.40"]
[Board "3"]
[White "Ribera Veganzones, Serni"]
[Black "Mizzi, Jack"]
[Result "1-0"]
[WhiteElo "2309"]
[BlackElo "2053"]
[PlyCount "93"]
[EventDate "2024.09.11"]
[WhiteTeam "Andorra"]
[BlackTeam "Malta"]
[WhiteTeamCountry "AND"]
[BlackTeamCountry "MLT"]

1. e4 e5 2. Nf3 Nc6 3. Bb5 a6 4. Ba4 d6 5. O-O Nge7 6. c3 Ng6 7. d4 Bd7 8. Be3 Be7 9. Nbd2 O-O 10. a3 ({RR} 10. d5 Nb8 11. Bc2 Qc8 12. c4 b6 13. b4 a5 14. a3 f5 15. exf5 Bxf5 16. Bxf5 Qxf5 17. Qb1 Nd7 18. Qxf5 Rxf5 19. Ne4 Nf4 20. Bxf4 Rxf4 21. Nfd2 Rff8 22. Nc3 Nf6 23. f3 Rfc8 24. Kf2 Ra6 {½-½ So,W (2765)-Durarbayli,V (2620) PRO League Stage rapid 2019 (10)}) ({RR} 10. h3 Kh8 11. dxe5 dxe5 12. Re1 Qe8 13. Bc2 Nd8 14. Nf1 Ne6 15. Ng3 Rd8 16. Qe2 Nef4 17. Qf1 Nh4 18. Nxh4 Bxh4 19. Rad1 Qe6 20. Nf5 Bb5 21. Bb3 Bxf1 22. Bxe6 Nxe6 23. Kxf1 Bf6 24. Ke2 h5 {½-½ Henderson,D (2067)-Bulford,M (2247) 31st 4NCL Congress 2024 (2.6)}) 10... exd4 $146 ({RR} 10... Bf6 11. b4 Qe8 12. Bc2 a5 13. d5 Nce7 14. c4 Nf4 15. g3 Nh3+ 16. Kg2 h6 17. c5 Ng5 18. Ng1 Qc8 19. Re1 Ng6 20. Nc4 axb4 21. Bxg5 Bxg5 22. axb4 Be7 23. cxd6 Bxd6 24. Qd2 Qd8 25. Nf3 {½-½ Neikirkh,O-Sliwa,B Gotha 1957 (1)}) ({RR} 10... Kh8 11. Re1 exd4 12. cxd4 f5 13. exf5 Bxf5 14. Rc1 d5 15. Bxc6 bxc6 16. Rxc6 Bd6 17. Bg5 Qd7 18. Rc3 h6 19. Bh4 Rab8 20. b4 Bg4 21. Bg3 Nf4 22. Qc1 Qf5 23. Qc2 Qh5 24. Rce3 Ra8 25. Ne5 {1-0 Boleslavsky,I-Tarasov,V URS-ch24 Final 1957 (8)}) 11. cxd4 d5 12. exd5 Nb8 13. Bb3 Bf5 14. Ne5 Bd6 15. Qf3 Qf6 16. Ndc4 Nxe5 17. dxe5 Bxe5 18. Nxe5 Qxe5 19. Bf4 Qxb2 20. Bxc7 Bg6 21. h4 Nd7 22. d6 Kh8 23. Bd5 Ne5 24. Qg3 f6 25. Rfd1 Bc2 26. Ra2 Qxa2 27. Bxa2 Bxd1 28. Bd5 Rae8 29. Bxb7 Ba4 30. Bxa6 Bd7 31. Bb7 f5 32. Qc3 f4 33. f3 Rf6 34. Bb6 Rxd6 35. Bd4 Rde6 36. Bd5 R6e7 37. Bc5 Rc8 38. Bb7 Rc7 39. Qa5 Rxb7 40. Bxe7 Nc6 41. Qc5 h6 42. Bd6 Rb1+ 43. Kh2 Rd1 44. Bxf4 Rd3 45. Be3 Rd1 46. a4 Kg8 47. a5 1-0

[Event "45th Olympiad 2024"]
[Site "Budapest HUN"]
[Date "2024.09.13"]
[Round "3.41"]
[Board "1"]
[White "Ortega Amarelle, Mariano"]
[Black "Romanov, Evgeny"]
[Result "0-1"]
[WhiteElo "2453"]
[BlackElo "2567"]
[PlyCount "106"]
[EventDate "2024.09.11"]
[WhiteTeam "Cape Verde"]
[BlackTeam "North Macedonia"]

1. d4 Nf6 2. c4 e6 3. Nc3 Bb4 4. Qc2 d6 5. e3 O-O 6. Bd3 c5 7. Nge2 Nc6 8. O-O Bxc3 ({RR} 8... cxd4 9. exd4 Bxc3 10. Qxc3 d5 11. c5 Ne4 12. Qe1 b6 13. f3 Nf6 14. b4 bxc5 15. dxc5 Ne5 16. Bc2 Ba6 17. a4 Nd3 18. Bxd3 Bxd3 19. Qd2 Bc4 20. Ba3 Qc7 21. Rfb1 Nd7 22. Nd4 Rfb8 23. c6 {1-0 Bok,B (2624)-So,W (2778) Chess.com Rapid Wk4 Swiss 2022 (4)}) 9. Qxc3 b6 10. a3 a5 $146 ({RR} 10... Bb7 11. b4 Qe7 12. Bb2 Rfd8 13. Rac1 Rac8 14. Rfd1 Nb8 15. Qb3 Nbd7 16. f3 Ba8 17. e4 d5 18. exd5 exd5 19. Ng3 Qe3+ 20. Kh1 Qf4 21. dxc5 bxc5 22. cxd5 cxb4 23. axb4 Bxd5 24. Qa3 Rxc1 25. Bxc1 {1-0 Karthik,V (2590)-Fischer,D (2372) Balkan & Prishtina Open 2024 (8.3)}) ({RR} 10... Bb7 11. Rd1 Qc7 12. b3 Rac8 13. Qc2 Rfd8 14. Bb2 cxd4 15. exd4 d5 16. Rac1 h6 17. c5 bxc5 18. dxc5 Ne5 19. Nd4 Neg4 20. g3 Ba8 21. Qe2 Qb8 22. Ba6 e5 23. Nf5 d4 24. Bxc8 Rxc8 25. h3 {1-0 Asllani,D (2202)-Gatineau,Y (2375) 59th World Juniors 2022 (9.39)}) 11. b3 Ba6 12. Bb2 cxd4 13. Nxd4 Ne5 14. Bc2 Rc8 15. a4 Nd5 16. Qd2 Nb4 17. Rfc1 Qh4 18. f4 Ng4 19. Nf3 Qe7 20. e4 Bb7 21. Re1 e5 22. Rac1 Qc7 23. h3 Qc5+ 24. Kh1 Nxc2 25. Rxc2 Nf6 26. fxe5 Nxe4 27. Qd4 dxe5 28. Qxe5 Qxe5 29. Bxe5 Rfe8 30. Bd4 Re6 31. Kh2 Rd8 32. Rce2 h6 33. Bg1 f5 34. Nd4 Rf6 35. g4 g6 36. gxf5 gxf5 37. Rf1 f4 38. Rg2+ Ng3 39. Rxf4 Rxf4 40. Rxg3+ Kf7 41. Rg4 Rf1 42. Be3 h5 43. Rg5 h4 44. Rf5+ Rxf5 45. Nxf5 Bc8 46. Nd4 Kg6 47. Kg2 Re8 48. Bf2 Kh5 49. Kh2 Bb7 50. Kg1 Rg8+ 51. Kf1 Bg2+ 52. Ke1 Bxh3 53. Nf3 Re8+ 0-1

[Event "45th Olympiad 2024"]
[Site "Budapest HUN"]
[Date "2024.09.13"]
[Round "3.41"]
[Board "3"]
[White "Mirulla, David"]
[Black "Risteski, Emil"]
[Result "0-1"]
[WhiteElo "1904"]
[BlackElo "2367"]
[PlyCount "54"]
[EventDate "2024.09.11"]
[WhiteTeam "Cape Verde"]
[BlackTeam "North Macedonia"]

1. e4 c5 2. Nf3 Nc6 3. d4 cxd4 4. Nxd4 Nf6 5. Nc3 d6 6. f3 e5 7. Ndb5 a6 8. Na3 b5 9. Nd5 Nxd5 10. Qxd5 ({RR} 10. exd5 Ne7 11. c4 Bb7 12. b3 Nf5 13. g3 bxc4 14. bxc4 Be7 15. Bd3 Nd4 16. Nc2 Nxc2+ 17. Qxc2 g6 18. Rb1 Bc8 19. O-O O-O 20. Be3 Bg5 21. f4 exf4 22. Bxf4 Bh3 23. Rf2 Bf6 24. Kh1 Bd4 {1-0 Balla,T (2356)-Bykhovsky,A (2496) Titled Tuesday intern op 01st Sept blitz 2020 (3)}) 10... Qb6 ({RR} 10... Qc7 11. Be3 Be6 12. Qd2 Be7 13. Be2 O-O 14. c4 b4 15. Nc2 a5 16. b3 f5 17. Bd3 Kh8 18. exf5 Bxf5 19. Bxf5 Rxf5 20. O-O Rff8 21. Bf2 Qd8 22. Ne3 Bg5 23. Qd3 Nd4 24. Nd5 Ne6 25. Rad1 {1-0 Kekic,A (2138)-Dwilewicz,K (2129) Titled Tue 23rd Jan Early 2024 (11)}) 11. c4 Be6 12. Qd3 Be7 $146 ({RR} 12... b4 13. Nc2 a5 14. Be3 Qb7 15. Be2 Be7 16. O-O O-O 17. Bf2 Rac8 18. Rfd1 Rfd8 19. Ne3 Nd4 20. Bf1 Bg5 21. Nd5 Nc6 22. b3 Ne7 23. Nb6 Rc6 24. Nd5 Ng6 25. g3 Rb8 26. a3 Bxd5 27. Qxd5 {1-0 Klemke,K (1371)-Wagner,M (1519) BL2 Ost 1718 (Women) 2017 (4.6)}) 13. cxb5 Nd4 14. bxa6 O-O 15. Nb5 d5 16. Nxd4 exd4 17. e5 f6 18. exf6 Bxf6 19. Be2 Bf5 20. Qb5 Qe6 21. Kf2 Rfb8 22. Qa5 d3 23. Bd1 Rxa6 24. Qe1 Bd4+ 25. Kf1 Qxe1+ 26. Kxe1 Re6+ 27. Kd2 Be3+ 0-1

[Event "45th Olympiad 2024"]
[Site "Budapest HUN"]
[Date "2024.09.13"]
[Round "3.42"]
[Board "1"]
[White "Mohammad Fahad, Rahman"]
[Black "Michaelides, Konstantinos"]
[Result "1-0"]
[WhiteElo "2419"]
[BlackElo "2297"]
[PlyCount "77"]
[EventDate "2024.09.11"]
[WhiteTeam "Bangladesh"]
[BlackTeam "Cyprus"]
[WhiteTeamCountry "BAN"]
[BlackTeamCountry "CYP"]

1. e4 e5 2. Nf3 Nc6 3. Bc4 Nf6 4. d3 h6 5. c3 d6 6. a4 g6 7. a5 a6 8. Qb3 Qe7 9. O-O Bg7 10. Re1 O-O 11. Nbd2 Kh8 12. d4 Nh7 $146 ({RR} 12... Nh5 13. dxe5 dxe5 14. Nf1 Bg4 15. N3d2 Qc5 16. Ne3 Bd7 17. Qa2 f5 18. b3 Rfd8 19. Ba3 Qxa5 20. Qc2 Qb6 21. Nf3 Nf4 22. Nd5 Nxd5 23. exd5 Na5 24. Nxe5 Re8 25. Nxd7 {1-0 Praggnanandhaa,R (2608)-Sindarov,J (2557) Online Olym Div Top-A rapid 2020 (3.5)}) ({RR} 12... Nd7 13. d5 Nd8 14. Qc2 f5 15. exf5 gxf5 16. Nd4 Qf6 17. Ne2 e4 18. Nf4 Ne5 19. Nh5 Qg6 20. Nxg7 Qxg7 21. Bf1 Ndf7 22. Nc4 Nf3+ 23. Kh1 Nxe1 24. Qe2 Nd3 25. Be3 Kh7 26. f4 Bd7 27. Bd4 {0-1 Bochnicka,V (2343)-Fiorito,J (2403) Titled Tue 20th Aug Early 2024 (3)}) 13. dxe5 dxe5 14. Qc2 f5 15. b4 Qf6 16. Ba3 Rd8 17. Rad1 f4 18. Nb3 Bf8 19. Rxd8 Nxd8 20. Qd3 Bd6 21. Nc5 Qe7 22. Bb3 Nf6 23. Rd1 Nc6 24. Bd5 Bxc5 25. bxc5 Nxd5 26. exd5 e4 27. Qd2 exf3 28. dxc6 bxc6 29. Qxf4 Kh7 30. Bc1 g5 31. Qxf3 Be6 32. Qe4+ Kg7 33. Be3 Re8 34. Bd4+ Kf8 35. Qg6 Qf7 36. Qxh6+ Ke7 37. Be3 Bd5 38. c4 Qe6 39. Qxg5+ 1-0

[Event "45th Olympiad 2024"]
[Site "Budapest HUN"]
[Date "2024.09.13"]
[Round "3.42"]
[Board "2"]
[White "Isaakidis, Alexandros"]
[Black "Manon, Reja Neer"]
[Result "1/2-1/2"]
[WhiteElo "2155"]
[BlackElo "2417"]
[PlyCount "54"]
[EventDate "2024.09.11"]
[WhiteTeam "Cyprus"]
[BlackTeam "Bangladesh"]
[WhiteTeamCountry "CYP"]
[BlackTeamCountry "BAN"]

1. e4 c6 2. d3 d5 3. Nd2 g6 4. Ngf3 Bg7 5. g3 e5 6. Bg2 Ne7 7. O-O O-O 8. Re1 Qc7 9. c3 Re8 $146 ({RR} 9... f5 10. Qe2 Nd7 11. Ng5 Qd6 12. exd5 cxd5 13. f4 e4 14. dxe4 dxe4 15. Ndxe4 fxe4 16. Qxe4 Nf5 17. Qd5+ Kh8 18. Qxd6 Nxd6 19. Be3 Nf5 20. Bf2 Nf6 21. Bc5 Bd7 22. Bxf8 Bxf8 23. Nf7+ Kg7 24. Ne5 {1-0 Robatsch,K-Donner,J Zonal Halle Halle/Saale 1963}) ({RR} 9... a5 10. b3 b6 11. Qc2 Rd8 12. Bb2 Ba6 13. d4 Nd7 14. a3 Rac8 15. Bh3 exd4 16. cxd4 c5 17. e5 Nf8 18. Bxc8 Rxc8 19. dxc5 bxc5 20. e6 Nxe6 21. Bxg7 Kxg7 22. b4 c4 23. Qc3+ Kg8 24. Qf6 {1-0 Oll,L (2620)-Wells,P (2475) Antwerp op 1996 (8)}) ({RR} 9... h6 10. d4 Rd8 11. Nxe5 dxe4 12. Bxe4 Be6 13. Nd3 Nd7 14. Bg2 Nd5 15. Ne4 N7f6 16. Nxf6+ Nxf6 17. Bf4 Qb6 18. Qc1 h5 19. Nc5 Bf5 20. a4 a5 21. Ra3 Qa7 22. Bg5 Re8 23. Ra1 b6 24. Nb3 {1-0 Akhmedov,D (2244)-Yurasova,D (2005) ch-Moscow Open Superfinal 2024 (4.34)}) ({RR} 9... dxe4 10. dxe4 h6 11. a4 Be6 12. Bf1 Rd8 13. Qc2 Nd7 14. Nc4 b5 15. axb5 cxb5 16. Ne3 Qb7 17. b4 a6 18. Nd2 Rac8 19. Nb3 Nc6 20. Qb1 Ne7 21. Rd1 Bf8 22. Bd2 Qb6 23. Bg2 Kh7 24. Nd5 {0-1 Wexler,B-Filip,M Buenos Aires International 1964 (8)}) 10. d4 exd4 11. Nxd4 c5 12. Nb5 Qd7 13. a4 a6 14. Na3 d4 15. cxd4 Qxd4 16. Ndc4 b5 17. e5 Qxd1 18. Rxd1 Ra7 19. Nd6 Rd8 20. axb5 axb5 21. Be3 Bxe5 22. Ndxb5 Rxd1+ 23. Rxd1 Rd7 24. Rxd7 Nxd7 25. Nc4 Bb8 26. Bh3 Ne5 27. Nxe5 Bxh3 1/2-1/2

[Event "45th Olympiad 2024"]
[Site "Budapest HUN"]
[Date "2024.09.13"]
[Round "3.43"]
[Board "3"]
[White "Michel Yunis, Christian D."]
[Black "Egilstoft, Rogvi"]
[Result "1-0"]
[WhiteElo "2220"]
[BlackElo "2278"]
[PlyCount "65"]
[EventDate "2024.09.11"]
[WhiteTeam "Palestine"]
[BlackTeam "Faroe Islands"]
[WhiteTeamCountry "PLE"]
[BlackTeamCountry "FAI"]

1. d4 d5 2. c4 e6 3. Nc3 a6 4. cxd5 exd5 5. Nf3 c6 6. Bg5 Be7 7. Bxe7 Qxe7 ({RR} 7... Nxe7 8. e3 O-O 9. Be2 Nd7 10. O-O Nf6 11. h3 Bf5 12. Nh4 Bg6 13. Nxg6 hxg6 14. Na4 Nf5 15. Nc5 Nd6 16. a4 Qe7 17. Qb3 a5 18. g3 g5 19. Kg2 g6 20. Rh1 Kg7 21. Bd3 Rh8 22. Rae1 {1-0 Caruana,F (2796)-Ratkovic,M (2489) Titled Tue 23rd Jul Early 2024 (5)}) 8. Qc2 ({RR} 8. e3 Bf5 9. Bd3 Bxd3 10. Qxd3 Nd7 11. O-O Ngf6 12. Rfe1 Ne4 13. Nd2 f5 14. f3 Nxd2 15. Qxd2 O-O 16. Rad1 Rae8 17. e4 fxe4 18. fxe4 dxe4 19. Rxe4 Qd6 20. Rxe8 Rxe8 21. d5 c5 22. a4 Nf6 {1-0 Gruzman,I (2151)-Perez Gormaz,M (2388) Titled Tue 9th Jan Early 2024 (2)}) 8... g6 $146 ({RR} 8... Nf6 9. e3 O-O 10. Bd3 Nbd7 11. g4 g6 12. g5 Nh5 13. O-O-O b5 14. Ne2 c5 15. Ng3 Ng7 16. h4 Bb7 17. Qe2 c4 18. Bc2 Rfc8 19. h5 b4 20. hxg6 fxg6 21. Kb1 a5 22. Qf1 Ne6 23. Qh3 {1-0 Coppola,C (2302)-Lopez Azambuja,N (2280) 2nd Magistral Integration 2022 (7.5)}) ({RR} 8... Nf6 9. e3 O-O 10. Bd3 Nbd7 11. O-O Re8 12. Nd2 Nf8 13. Na4 Rb8 14. Nc5 Ng6 15. Rfe1 Nh5 16. Be2 Qg5 17. Nf3 Qh6 18. Nd3 Bf5 19. Qd1 Nf6 20. Nfe5 Ne4 21. Bg4 Nxe5 22. Nxe5 Rxe5 23. dxe5 {0-1 Andreescu,D (2299)-Georgescu,T (2457) ROM-chT Baile Govora 2017 (1.1)}) 9. Nxd5 Qd6 10. Nc3 Nf6 11. e4 Bg4 12. e5 Qe7 13. Be2 Nd5 14. h3 Be6 15. Qd2 Nd7 16. O-O O-O 17. Rfe1 Nxc3 18. bxc3 b5 19. Bd3 Bd5 20. Be4 Rfd8 21. Bxd5 cxd5 22. Nh2 Kg7 23. f4 f5 24. exf6+ Qxf6 25. Ng4 Qf7 26. Ne5 Nxe5 27. Rxe5 Re8 28. Rf1 Rad8 29. f5 Rxe5 30. dxe5 Kh8 31. f6 Re8 32. Qd4 Rf8 33. e6 1-0

[Event "45th Olympiad 2024"]
[Site "Budapest HUN"]
[Date "2024.09.13"]
[Round "3.44"]
[Board "1"]
[White "Mesfin, Leykun"]
[Black "Ashiku, Franc"]
[Result "0-1"]
[WhiteElo "2118"]
[BlackElo "2400"]
[PlyCount "74"]
[EventDate "2024.09.11"]
[WhiteTeam "Ethiopia"]
[BlackTeam "Albania"]
[WhiteTeamCountry "ETH"]
[BlackTeamCountry "ALB"]

1. e4 {Golod,Vitali} c5 2. Nf3 e6 3. Nc3 Nc6 4. d4 cxd4 5. Nxd4 Nf6 6. Nxc6 bxc6 7. e5 Nd5 8. Ne4 Bb7 9. c4 Nb4 10. Bg5 ({RR} 10. c5 Ba6 11. Bxa6 Nxa6 12. Qd4 ({RR} 12. O-O) 12... Be7 ({RR} 12... Rb8 13. Bd2 Be7 14. Rd1 ({RR} 14. Bc3 O-O 15. O-O Nc7 16. Ba5 Qc8 17. Nf6+ Bxf6 18. exf6 gxf6 19. Bxc7 Qxc7 20. Qxf6 Qd8) 14... O-O 15. Bc3 Rb7 16. O-O f5 17. exf6 Bxf6 18. Nxf6+ gxf6 19. Rd3) ({RR} 12... Qa5+ 13. Bd2 Qb5 14. b4 Be7 15. a4 ({RR} 15. a3) 15... Qb7 16. O-O O-O 17. Rab1) ({RR} 12... Nxc5 13. Nxc5 Qa5+ 14. b4) 13. O-O O-O ({RR} 13... Rb8 14. Bd2 O-O 15. Rad1 Nc7 16. Ba5 Qc8 17. Nf6+ Bxf6 18. exf6 Nd5 19. fxg7 Re8 20. Rd3 f6 21. Qh4 Re7 22. Bc3 e5 23. f4 exf4 24. Bxf6 Nxf6 25. Qxf6 Rf7 26. Qd4) 14. Rd1 f5 ({RR} 14... Rb8 15. a3 ({RR} 15. Qxd7 Nxc5 16. Nxc5 Bxc5) 15... f5 16. exf6 Bxf6 17. Qd3 ({RR} 17. Qxd7 Qxd7 18. Rxd7 Rfd8 19. Nxf6+ gxf6 20. Rxd8+ Rxd8 21. Be3) 17... Nc7 18. Qxd7 Be5 19. g3) 15. exf6 Bxf6 16. Qxd7 ({RR} 16. Qd3 Nb4 17. Qxd7 Qxd7 18. Rxd7 Rad8) 16... Qxd7 17. Rxd7 Rfd8 18. Nxf6+ ({RR} 18. Rxd8+ Rxd8 19. Nxf6+ gxf6 20. Be3 Nb4) ({RR} 18. Rd6 Nxc5) 18... gxf6 19. Rd6 ({RR} 19. Rxd8+) 19... Nxc5 20. Rxd8+ Rxd8 21. Be3 Na4 22. Rc1 ({RR} 22. b3 Nc3 23. Kf1 a6) 22... Nxb2 23. Kf1 Nd3 ({RR} 23... Rd6 24. Bxa7 Nd3 25. Rc4 e5 26. Bb8 Re6 27. a4) 24. Rxc6 Nb4 {½-½ Svidler,P (2725)-Malakhov,V (2670) RUS-chT 12th 2005 (7)}) 10... Qc7 11. f4 c5 12. Nd6+ $146 ({RR} 12. Nc3 a6 13. Qd2 d6 14. exd6 Qxd6 15. O-O-O Qxd2+ 16. Rxd2 f6 17. Bh4 Rd8 18. Rxd8+ Kxd8 19. Bf2 Kc7 20. Be3 Nc6 21. Bd3 Nd4 22. Be4 Ne2+ 23. Kd2 Nxc3 24. Bxb7 Kxb7 25. Kxc3 Bd6 26. Re1 Re8 {0-1 Chan,W (2016)-Zlatkov,A (2346) 45th Olympiad 2024 (6.42)}) ({RR} 12. Bd3 Nxd3+ 13. Qxd3 Qc6 14. O-O-O Be7 15. Bxe7 Kxe7 16. Nxc5 Rhd8 17. Qd6+ Ke8 18. Rd2 Qxd6 19. Rxd6 Bc6 20. b4 a5 21. b5 Bxg2 22. Rg1 Rac8 23. Rxg2 Rxc5 24. Rd4 Rdc8 25. Rxg7 Rxc4+ 26. Rxc4 Rxc4+ {1-0 Gonzalez de la Torre,S (2446)-Astasio Lopez,D (2376) Euskadi-ch Zornotza 2013 (6)}) 12... Bxd6 13. exd6 Qc6 14. Qd2 f6 15. Bh4 Qe4+ 16. Kd1 Qg6 17. a3 Qg4+ 18. Be2 Qxh4 19. axb4 cxb4 20. Ra5 O-O 21. Qe3 f5 22. Bf3 Bxf3+ 23. Qxf3 Rac8 24. Rxa7 Rxc4 25. Rxd7 Rxf4 26. g3 Rd4+ 27. Kc1 Qg5+ 28. Kb1 Rd8 29. Qc6 h6 30. Re1 b3 31. Qc7 Ra8 32. h4 Qg4 33. Qc1 Ra1+ 34. Kxa1 Ra4+ 35. Kb1 Ra1+ 36. Kxa1 Qa4+ 37. Kb1 Qa2# 0-1

[Event "45th Olympiad 2024"]
[Site "Budapest HUN"]
[Date "2024.09.13"]
[Round "3.44"]
[Board "2"]
[White "Pasko, Llambi"]
[Black "Birhanu, Tegegn Mehadem"]
[Result "1-0"]
[WhiteElo "2396"]
[BlackElo "2077"]
[PlyCount "71"]
[EventDate "2024.09.11"]
[WhiteTeam "Albania"]
[BlackTeam "Ethiopia"]
[WhiteTeamCountry "ALB"]
[BlackTeamCountry "ETH"]

1. d4 d5 2. c4 e6 3. Nf3 Nf6 4. Nc3 Bb4 5. Qb3 Nc6 6. Bg5 O-O ({RR} 6... dxc4 7. Qxc4 Qd5 8. Qxd5 Nxd5 9. Rc1 Bd7 10. e4 Nxc3 11. bxc3 Ba5 12. Bd3 f6 13. Be3 e5 14. Nd2 Bb6 15. Nb3 O-O-O 16. Ke2 exd4 17. cxd4 Nb4 18. d5 Bxe3 19. Kxe3 Rhe8 20. Nc5 Nxd5+ 21. Kf3 {0-1 Van Wely,L (2680)-Bologan,V (2663) EU-ch Internet final blitz 2004 (1.4)}) 7. e3 a5 ({RR} 7... dxc4 8. Bxc4 h6 9. Bxf6 Qxf6 10. O-O Bxc3 11. Qxc3 Bd7 12. Rac1 Rac8 13. b4 a6 14. a4 Rfe8 15. b5 axb5 16. axb5 Nb8 17. Ne5 c5 18. bxc6 Bxc6 19. Qb2 Red8 20. Be2 Bd5 21. Rxc8 Rxc8 22. Rc1 {0-1 Girsh,D (2201)-Karamsetty,J (2245) Titled Tue 14th May Early 2024 (3)}) 8. a3 $146 ({RR} 8. Bd3 h6 9. Bxf6 Qxf6 10. O-O dxc4 11. Qxc4 Bd6 12. Rac1 Nb4 13. Be4 c6 14. Bb1 b6 15. Rfe1 Ba6 16. Qb3 Qe7 17. Na4 b5 18. Nc5 Nd5 19. a3 Rfe8 20. Qc2 g6 21. e4 Nf4 22. Nxa6 Rxa6 {1-0 Duzhakov,I (2411)-Feduk,V (2150) Chigorin Memorial 24th 2016 (8)}) 8... Bxc3+ 9. Qxc3 h6 10. Bxf6 Qxf6 11. Bd3 Bd7 12. O-O Rfe8 13. e4 dxe4 14. Bxe4 Qf4 15. Rfe1 Rad8 16. g3 Qf6 17. Rad1 b6 18. Bc2 Bc8 19. Ba4 Bd7 20. Bc2 Bc8 21. Be4 Bd7 22. b4 axb4 23. axb4 Qe7 24. Rb1 Qf6 25. b5 Ne7 26. Ne5 Nf5 27. Rbd1 Bc8 28. f4 Nd6 29. Bc6 Re7 30. Rd2 Qf5 31. c5 Ne8 32. Be4 Qf6 33. Ng4 Red7 34. Nxf6+ Nxf6 35. Bc6 Re7 36. d5 1-0

[Event "45th Olympiad 2024"]
[Site "Budapest HUN"]
[Date "2024.09.13"]
[Round "3.44"]
[Board "3"]
[White "Tsige, Addisalem Temesgen"]
[Black "Veleshnja, Zino"]
[Result "0-1"]
[WhiteElo "2068"]
[BlackElo "2294"]
[PlyCount "116"]
[EventDate "2024.09.11"]
[WhiteTeam "Ethiopia"]
[BlackTeam "Albania"]
[WhiteTeamCountry "ETH"]
[BlackTeamCountry "ALB"]

1. d4 Nf6 2. Bf4 c6 3. c3 Qb6 4. Qb3 d6 5. Nd2 Be6 6. Qc2 g6 7. Ngf3 $146 ({RR} 7. e4 d5 8. Bd3 Bg7 9. Ngf3 dxe4 10. Nxe4 Nxe4 11. Bxe4 Nd7 12. O-O Nf6 13. Bd3 O-O 14. Rfe1 Rae8 15. h3 c5 16. Qd2 cxd4 17. Nxd4 Bd7 18. Nf3 Rd8 19. Qc2 Rfe8 {½-½ Simonova,S (1778)-Lukac,R (2056) SVK-chT1E 2122 2022 (11.3)}) ({RR} 7. e4 Bg7 8. Ngf3 O-O 9. Bd3 Bg4 10. h3 Bxf3 11. Nxf3 Nbd7 12. O-O Rfe8 13. Be3 Qc7 14. Rad1 Nh5 15. Rfe1 a5 16. Qd2 e5 17. Bh6 Bxh6 18. Qxh6 f6 19. Bc4+ Kh8 20. dxe5 Nxe5 21. Nxe5 dxe5 {0-1 Bazzano,S (2288)-Martinez Reyes,P (2339) Titled Tue 14th Nov Late 2023 (1)}) 7... Nh5 8. Bg5 h6 9. Bh4 g5 10. Bg3 f5 11. e3 Bg7 12. Bc4 Bxc4 13. Nxc4 Qa6 14. Qxf5 Qxc4 15. Nd2 Qd5 16. Qc8+ Kf7 17. Qxb7 Nd7 18. Qxd7 Nf6 19. Qh3 h5 20. f3 Bh6 21. e4 Qb5 22. Qf5 Qxb2 23. Rb1 Qxc3 24. e5 Qe3+ 25. Kd1 g4 26. f4 dxe5 27. Qxe5 Qxe5 28. dxe5 Nd5 29. Kc2 h4 30. Bxh4 Bxf4 31. g3 Bxe5 32. Nc4 Bf6 33. Bxf6 exf6 34. Rb7+ Kg6 35. Kd3 a5 36. Kd4 Nb4 37. a3 c5+ 38. Kxc5 Rac8+ 39. Kb5 Rh5+ 40. Ka4 Nd3 41. Rb5 Rxc4+ 42. Kxa5 Rh8 43. Rd5 Rc3 44. a4 Rb3 45. Rb5 Ra3 46. Rd5 Ra8+ 47. Kb5 Rb8+ 48. Ka5 Rb4 49. Rb5 Raxa4+ 50. Kb6 Rxb5+ 51. Kxb5 Ra2 52. Kc4 Ne5+ 53. Kd5 Rg2 54. Ke4 Nf3 55. h3 Ng5+ 56. Kf4 gxh3 57. Kg4 h2 58. Kh4 Rg1 0-1

[Event "45th Olympiad 2024"]
[Site "Budapest HUN"]
[Date "2024.09.13"]
[Round "3.45"]
[Board "1"]
[White "Greet, Andrew N"]
[Black "Almedina Ortiz, Edgardo J."]
[Result "1-0"]
[WhiteElo "2405"]
[BlackElo "2196"]
[PlyCount "67"]
[EventDate "2024.09.11"]
[WhiteTeam "Scotland"]
[BlackTeam "Puerto Rico"]
[WhiteTeamCountry "SCO"]
[BlackTeamCountry "PUR"]

1. c4 Nf6 2. Nf3 d6 3. d4 g6 4. Nc3 Bg7 5. e4 O-O 6. Be2 Bg4 7. Be3 Nfd7 8. h3 Bxf3 9. Bxf3 Nc6 10. h4 ({RR} 10. d5 Na5 11. Be2 Nb6 12. Bd4 Bxd4 13. Qxd4 c5 14. dxc6 Nxc6 15. Qd2 e5 16. O-O Qe7 17. b3 Rad8 18. f4 exf4 19. Rxf4 Qe5 20. Raf1 a6 21. Kh1 Ne7 22. Bd3 Nd7 23. Nd1 Qg5 24. Qf2 Ne5 {½-½ Panno,O (2550)-Hug,W (2445) Biel 1977 (10)}) ({RR} 10. d5 Na5 11. Be2 Bxc3+ 12. bxc3 e5 13. dxe6 fxe6 14. h4 b6 15. f4 Qf6 16. Qd4 Nc6 17. Qxf6 Nxf6 18. Bf3 e5 19. f5 gxf5 20. exf5 e4 21. Be2 h5 22. Bd4 Ng4 23. Bxg4 hxg4 24. O-O Rae8 {0-1 Yagupov,I (2232)-Silva,O Titled Tue 18th Jun Late 2024 (3)}) 10... e5 11. d5 Nd4 12. h5 $146 ({RR} 12. Ne2 Re8 13. h5 c5 14. dxc6 bxc6 15. Nxd4 exd4 16. Bxd4 Nf6 17. hxg6 hxg6 18. O-O Nxe4 {½-½ Bury,R (2187)-Hausner,I (2451) Brezova op Brezova pod Bradlom 2010 (2)}) 12... c5 13. hxg6 hxg6 14. Qd2 Qe7 15. O-O-O a6 16. Rh3 f6 17. Bh6 g5 18. Rdh1 Rfb8 19. Bg4 Nf8 20. Bxg7 Qxg7 21. Be6+ Nfxe6 22. dxe6 Re8 23. Nd5 Rxe6 24. Nc7 Ree8 25. Qd1 g4 26. Rh4 f5 27. Rh8+ Qxh8 28. Rxh8+ Kxh8 29. exf5 Rg8 30. Nxa8 Rxa8 31. Qxg4 Rf8 32. Qh5+ Kg7 33. Qg6+ Kh8 34. f6 1-0